000 00364nam a2200169Ia 4500
100 _aRajput/R.K
650 _aFluid Mechanics
942 _cBK
366 _f20
654 _afluid mechanics
245 _aText book of Fluid Mechanics
260 _bS.Chand & C0
_aMumbai
_c1998
082 _a532/RAJ
_bRAJ
300 _a999
546 _aENGLISH
999 _c19592
_d19592